Отчет Главного управления по делам кустарной промышленности о производстве и сборе кустарных изделий за 1920 г. и переписка с ВС...

Доступно только в Электронных читальных залах Найти на картеНа карте
RUSMARC
00004259nac2a22003011x 450
0018b15a0b9-2298-4c6a-bd8b-ab20bcff0d53
00520160814131515.0
100##$a20160620l1921 k y0rusy50 ca
1010#$arus
102##$aRU
105##$ay z |||e|
1220#$ad19211231
1220#$ad1920
2001#$aОтчет Главного управления по делам кустарной промышленности о производстве и сборе кустарных изделий за 1920 г. и переписка с ВСНХ и другими учреждениями об объединении управления деревообрабатывающей промышленности в Псковской губернии и снабжении заводов
$j1921
215##$a48 листов
251##$cДело
300##$aЗаголовок дела на папке отсутствует
300##$aМашинописный текст
324##$aВ деле имеются копии отдельных документов
330##$aВходит в раздел описи: Канцелярия. а/ Переписка с Наркоматами и другими учреждениями. 1. Промышленность /серия I/. л. Кустарная промышленность
461#0$1001ad6baeac-e292-4829-90d1-2f4f65796a62
$12001
$aСОВЕТ НАРОДНЫХ КОМИССАРОВ РСФСР (СНК РСФСР)
$1251
$cФонд
$1852
$j130
$gР
462#0$1001749580a7-5abb-40c4-a39c-e540631a040a
$12001
$a1921 г.
$vД. 980
$1251
$cОпись
$1852
$j5
60101$3RU\NLR\AUTH\661074810
$aРСФСР
$bСовет Народных Комиссаров
60101$3RU\NLR\AUTH\8810004695
$aРСФСР
$bГлавное управление по делам кустарной и мелкой промышленности и промысловой кооперации
60102$aВСНХ
801#0$aRU
$bGA_RF
801#1$aRU
$bНПО Опыт
$c20160620
$2rusmarc
801#2$aRU
$bПБ им. Б.Н. Ельцина
$c20160814
$gRCR
$2rusmarc
852##$aГА РФ
$j980
937##$d82537716
$hПБ
035##$aRuPRLIB51039622
Формат отображения